Państwa graniczące z Bułgarią - Statystyki

Ogólne statystyki
  • Ten quiz został rozwiązany 27 razy
  • Średni wynik to 5 z 5
Statystyki odpowiedzi
Państwo % Poprawnych
Macedonia Północna
100%
Rumunia
100%
Grecja
96%
Serbia
96%
Turcja
92%
Nie znaleziono quizów pasujących do podanych kryteriów
Rozkład punktacji
Procent ludzi z każdym wynikiem
Percentyl według liczby udzielonych odpowiedzi
Twoja historia wyników
Nie rozwiązałeś tego quizu